[Event "España ch sub-18 2012"]
[Site "Salobreña ESP"]
[Date "2012.07.28"]
[Round "8.13"]
[White "Silva Rodriguez, Julio"]
[Black "Urriza Iricibar, Pablo"]
[Result "0-1"]
[WhiteElo "2168"]
[BlackElo "1978"]
[PlyCount "56"]
[EventDate "2012.07.23"]
[EventType "swiss"]
[EventRounds "9"]
[EventCountry "ESP"]
[Source "lmi"]
[SourceDate "2012.07.23"]

1. e4 c5 2. Nf3 Nc6 3. d4 cxd4 4. Nxd4 g6 5. Be2 Bg7 6. Nb3 Nf6 7. Nc3 O-O 8.
O-O d6 9. Be3 b6 10. f4 Bb7 11. Bf3 Nd7 12. Qe1 Nc5 13. Rd1 Qb8 14. Bf2 a5 15.
Nd5 Ba6 16. Be2 e6 17. Nxb6 Qxb6 18. Rxd6 Qc7 19. Bxc5 a4 20. Nc1 Nd4 21. Rxa6
Qxc5 22. Kh1 Nxc2 23. Qd2 Rad8 24. Nd3 Qc4 25. Ra5 Nd4 26. Rc1 Qxa2 27. e5 Nb3
28. Qc2 Nxa5 0-1

[Event "España ch sub-18 2012"]
[Site "Salobreña ESP"]
[Date "2012.07.28"]
[Round "8.14"]
[White "Aranaz Murillo, Amalia"]
[Black "Garcia Perez, Javier"]
[Result "1/2-1/2"]
[WhiteElo "2248"]
[BlackElo "2002"]
[PlyCount "44"]
[EventDate "2012.07.23"]
[EventType "swiss"]
[EventRounds "9"]
[EventCountry "ESP"]
[Source "lmi"]
[SourceDate "2012.07.23"]

1. Nf3 Nf6 2. c4 g6 3. g3 Bg7 4. Bg2 O-O 5. O-O d6 6. d4 c5 7. Nc3 cxd4 8. Nxd4
Nc6 9. Nxc6 bxc6 10. Bxc6 Rb8 11. Bg2 Qa5 12. Qd2 Qh5 13. Rb1 Ng4 14. h4 Ne5
15. Qg5 Nxc4 16. Qxh5 gxh5 17. Nd5 e6 18. Nf4 Na3 19. Ra1 Nc2 20. Rb1 Na3 21.
Ra1 Nc2 22. Rb1 Na3 1/2-1/2

[Event "España ch sub-18 2012"]
[Site "Salobreña ESP"]
[Date "2012.07.28"]
[Round "8.15"]
[White "Sierra Montoya, Miquel"]
[Black "Acosta Sosa, Juan Manuel"]
[Result "0-1"]
[WhiteElo "2051"]
[BlackElo "2166"]
[PlyCount "92"]
[EventDate "2012.07.23"]
[EventType "swiss"]
[EventRounds "9"]
[EventCountry "ESP"]
[Source "lmi"]
[SourceDate "2012.07.23"]

1. e4 c5 2. Nf3 d6 3. d4 cxd4 4. Qxd4 Nc6 5. Bb5 Bd7 6. Bxc6 Bxc6 7. Nc3 Nf6 8.
Bg5 Qc7 9. O-O-O e5 10. Qd3 Nd7 11. Be3 Rc8 12. Rd2 Be7 13. Ng1 O-O 14. Nge2 a6
15. Kb1 b5 16. Ng3 g6 17. Bh6 Nc5 18. Qe2 b4 19. Nd1 Rfd8 20. Qg4 Bd7 21. Qf3
Be6 22. b3 a5 23. Ne3 Bf8 24. Bg5 Rd7 25. Ngf5 f6 26. Nh6+ Bxh6 27. Bxh6 a4 28.
Rc1 Ra8 29. Nd5 Bxd5 30. exd5 f5 31. c4 axb3 32. axb3 Ne4 33. Rb2 Ra3 34. Kc2
Qa5 35. g4 Nc3 36. Kd2 f4 37. g5 Qa7 38. Ke1 Qd4 39. Qg4 Qe4+ 40. Kd2 Qf5 41.
Qxf5 gxf5 42. Rg1 Kf7 43. g6+ hxg6 44. h4 Rd8 45. h5 gxh5 46. Rg5 Ne4+ 0-1

[Event "España ch sub-18 2012"]
[Site "Salobreña ESP"]
[Date "2012.07.28"]
[Round "8.16"]
[White "Martinez Fernandez, Raul"]
[Black "Navarro Molina, David"]
[Result "1/2-1/2"]
[WhiteElo "1828"]
[BlackElo "2141"]
[PlyCount "112"]
[EventDate "2012.07.23"]
[EventType "swiss"]
[EventRounds "9"]
[EventCountry "ESP"]
[Source "lmi"]
[SourceDate "2012.07.23"]

1. e4 c5 2. c3 d5 3. exd5 Qxd5 4. d4 e6 5. Nf3 Nf6 6. Na3 cxd4 7. Nb5 Qd8 8.
Qxd4 a6 9. Qxd8+ Kxd8 10. Ne5 axb5 11. Nxf7+ Ke8 12. Nxh8 Be7 13. Bxb5+ Kf8 14.
Bd3 Kg8 15. Ng6 hxg6 16. Bxg6 e5 17. O-O Be6 18. Bg5 Ra4 19. Rfe1 Nc6 20. f4
Bc5+ 21. Kh1 Bxa2 22. Bxf6 gxf6 23. Bc2 Ra6 24. Rxa2 Rxa2 25. Bb3+ Kg7 26. Bxa2
exf4 27. Bd5 Ne5 28. b4 Be3 29. Rxe3 fxe3 30. Kg1 e2 31. Kf2 Nd3+ 32. Kxe2 Nf4+
33. Ke3 Nxd5+ 34. Kd4 Nf4 35. Ke4 Nxg2 36. c4 Kf7 37. c5 Ke6 38. b5 f5+ 39. Kf3
Ne1+ 40. Ke2 Nc2 41. Kd3 Nb4+ 42. Kc4 Nd5 43. Kd4 Ne7 44. h4 Kf6 45. h5 Kg5 46.
c6 b6 47. Ke5 f4 48. Ke4 Nc8 49. c7 Kxh5 50. Kxf4 Kg6 51. Ke5 Kf7 52. Kd5 Ne7+
53. Kd6 Ke8 54. c8=Q+ Nxc8+ 55. Kc7 Na7 56. Kxb6 Nxb5 1/2-1/2

[Event "España ch sub-18 2012"]
[Site "Salobreña ESP"]
[Date "2012.07.28"]
[Round "8.17"]
[White "Fernandez Gonzalez, Sergio"]
[Black "Gutierrez Valero, Mario"]
[Result "0-1"]
[WhiteElo "1959"]
[BlackElo "2135"]
[PlyCount "72"]
[EventDate "2012.07.23"]
[EventType "swiss"]
[EventRounds "9"]
[EventCountry "ESP"]
[Source "lmi"]
[SourceDate "2012.07.23"]

1. e4 c5 2. c3 d5 3. exd5 Qxd5 4. d4 Nc6 5. Nf3 Bg4 6. Be2 cxd4 7. cxd4 e6 8.
h3 Bh5 9. Nc3 Bb4 10. O-O Qa5 11. d5 exd5 12. Re1 Nge7 13. a3 Bxc3 14. bxc3 O-O
15. Bd2 Qc7 16. g4 Bg6 17. Qc1 Rad8 18. Bf4 Qc8 19. Qb2 Be4 20. Rad1 Ng6 21.
Bg3 f5 22. Nd4 f4 23. Bh2 Nxd4 24. Rxd4 Ne5 25. c4 Nc6 26. Rd2 d4 27. c5 Kh8
28. Bb5 Rde8 29. Rde2 Bd5 30. Qd2 f3 31. Bxc6 Rxe2 32. Rxe2 fxe2 33. Bxd5 Qe8
34. Qe1 d3 35. Bc4 Qe4 36. Bd6 Re8 0-1

[Event "España ch sub-18 2012"]
[Site "Salobreña ESP"]
[Date "2012.07.28"]
[Round "8.18"]
[White "Rey Malde, Henrique"]
[Black "Arnedo Ruiz, Alberto"]
[Result "0-1"]
[WhiteElo "1905"]
[BlackElo "2124"]
[PlyCount "114"]
[EventDate "2012.07.23"]
[EventType "swiss"]
[EventRounds "9"]
[EventCountry "ESP"]
[Source "lmi"]
[SourceDate "2012.07.23"]

1. d4 Nf6 2. c4 e6 3. Nf3 Bb4+ 4. Bd2 Qe7 5. g3 Nc6 6. Bg2 Bxd2+ 7. Nbxd2 a5 8.
O-O d6 9. e3 O-O 10. Qe2 e5 11. dxe5 dxe5 12. h3 Rd8 13. Ng5 Bf5 14. Nge4 Nxe4
15. Nxe4 Be6 16. Nc3 Qb4 17. Nd5 Qc5 18. b3 Nb4 19. Nxb4 Qxb4 20. Rfd1 Rxd1+
21. Rxd1 a4 22. Qd2 Qxd2 23. Rxd2 axb3 24. axb3 c6 25. Kf1 Kf8 26. Ke2 Ke7 27.
Kd3 Ra1 28. h4 h6 29. Kc3 Rg1 30. Bf3 Rc1+ 31. Kb2 Rf1 32. Kc3 f6 33. Bg2 Rc1+
34. Kb2 Rg1 35. Be4 g5 36. hxg5 fxg5 37. Bf3 Bf7 38. g4 Be6 39. Rd1 Bxg4 40.
Rxg1 Bxf3 41. Ra1 h5 42. Ra8 h4 43. Rh8 Kf7 44. Rh7+ Kg6 45. Rxb7 h3 46. Ra7 h2
47. Ra1 h1=Q 48. Rxh1 Bxh1 49. b4 Kf5 50. Kc2 Ke4 51. Kd2 Kf3 52. Ke1 Bg2 53.
b5 cxb5 54. cxb5 Kg4 55. Ke2 Bb7 56. Ke1 Kf3 57. b6 Ba6 0-1

[Event "España ch sub-18 2012"]
[Site "Salobreña ESP"]
[Date "2012.07.28"]
[Round "8.19"]
[White "Sanchez Garcia, Julio"]
[Black "Orantes Taboada, Manuel"]
[Result "0-1"]
[WhiteElo "2108"]
[BlackElo "1963"]
[PlyCount "46"]
[EventDate "2012.07.23"]
[EventType "swiss"]
[EventRounds "9"]
[EventCountry "ESP"]
[Source "lmi"]
[SourceDate "2012.07.23"]

1. d4 Nf6 2. c4 g6 3. Nc3 Bg7 4. e4 d6 5. Nf3 O-O 6. Be2 e5 7. O-O Nc6 8. d5
Ne7 9. b4 Nh5 10. Re1 f5 11. Ng5 Nf4 12. Bxf4 exf4 13. Rc1 Bf6 14. Ne6 Bxe6 15.
dxe6 Bxc3 16. Rxc3 fxe4 17. Bg4 e3 18. fxe3 fxe3 19. Rcxe3 c6 20. Qd2 d5 21.
cxd5 cxd5 22. Kh1 Qd6 23. Re5 Qd8 0-1

[Event "España ch sub-18 2012"]
[Site "Salobreña ESP"]
[Date "2012.07.28"]
[Round "8.20"]
[White "Gonzalez Hernandez, Ferran"]
[Black "Cerezo Gaston, Alberto"]
[Result "1/2-1/2"]
[WhiteElo "2101"]
[BlackElo "1903"]
[PlyCount "109"]
[EventDate "2012.07.23"]
[EventType "swiss"]
[EventRounds "9"]
[EventCountry "ESP"]
[Source "lmi"]
[SourceDate "2012.07.23"]

1. e4 c5 2. Nf3 d6 3. d4 cxd4 4. Qxd4 Nc6 5. Bb5 Bd7 6. Bxc6 Bxc6 7. Nc3 Nf6 8.
Bg5 e6 9. O-O-O Be7 10. Qd3 Qa5 11. h4 O-O-O 12. Nd4 Qb6 13. Be3 Qa5 14. Qc4
Qc7 15. Ndb5 Bxb5 16. Qxc7+ Kxc7 17. Nxb5+ Kd7 18. e5 Ng4 19. exd6 Bf6 20. Bxa7
Ra8 21. Bd4 Rxa2 22. Kb1 Ra5 23. c4 Rha8 24. Kc2 Rc8 25. Kb3 Bxd4 26. Rxd4 f5
27. Kb4 b6 28. Rd2 Ne5 29. b3 Rc5 30. Nd4 Nf7 31. Rhd1 g6 32. Kc3 b5 33. Kb4
bxc4 34. bxc4 Re5 35. Nb5 Ra8 36. Rc2 Re4 37. f3 Re3 38. f4 Nd8 39. Rc3 Re2 40.
g3 Nc6+ 41. Kc5 Re4 42. Ra3 Na5 43. Rd4 Nb7+ 44. Kb6 Rxa3 45. Rxe4 fxe4 46.
Nxa3 Nxd6 47. c5 Nc8+ 48. Kb7 Ne7 49. Nc4 Nd5 50. c6+ Kd8 51. Ne3 Nc7 52. g4
Ne8 53. Nc4 Nc7 54. Ne3 Ne8 55. f5 1/2-1/2

[Event "España ch sub-18 2012"]
[Site "Salobreña ESP"]
[Date "2012.07.28"]
[Round "8.21"]
[White "Perera Borrego, Mariela"]
[Black "Antunez Muñoz, Juan Jesus"]
[Result "1-0"]
[WhiteElo "2066"]
[BlackElo "1860"]
[PlyCount "116"]
[EventDate "2012.07.23"]
[EventType "swiss"]
[EventRounds "9"]
[EventCountry "ESP"]
[Source "lmi"]
[SourceDate "2012.07.23"]

1. d4 Nf6 2. Nf3 g6 3. g3 Bg7 4. Bg2 O-O 5. O-O d6 6. c4 Nbd7 7. Nc3 e5 8. e4
c6 9. h3 Re8 10. Re1 exd4 11. Nxd4 Qb6 12. Nc2 Ne5 13. b3 Be6 14. Be3 Qa5 15.
Bd4 c5 16. Bxe5 dxe5 17. Nd5 Bxd5 18. cxd5 Qc7 19. Na3 Rec8 20. Qd2 Ne8 21.
Rac1 Nd6 22. h4 b5 23. Bh3 Rd8 24. Qe3 Qa5 25. Nb1 c4 26. Re2 Qb6 27. Qxb6 axb6
28. f3 Ra7 29. bxc4 bxc4 30. Kf2 Rda8 31. a3 Rc7 32. Rb2 Bf8 33. Ke2 b5 34.
Rcc2 Ra5 35. Nc3 Rb7 36. Nb1 Ra4 37. Bf1 f5 38. Bg2 b4 39. axb4 Raxb4 40. Rxb4
Rxb4 41. Nd2 Bh6 42. f4 exf4 43. e5 Nb5 44. Rxc4 f3+ 45. Bxf3 Rb2 46. Rc8+ Kf7
47. e6+ Ke7 48. Rh8 Rxd2+ 49. Ke1 Be3 50. Rxh7+ Ke8 51. Rh8+ Ke7 52. Rh7+ Ke8
53. h5 Nd4 54. Bd1 Rg2 55. Ba4+ Kd8 56. e7+ Kc7 57. e8=Q+ Kb6 58. Qxe3 Ra2 1-0

[Event "España ch sub-18 2012"]
[Site "Salobreña ESP"]
[Date "2012.07.28"]
[Round "8.22"]
[White "Martin Hernandez, Ruben"]
[Black "Capote Robayna, Johanna"]
[Result "1-0"]
[WhiteElo "2195"]
[BlackElo "1822"]
[PlyCount "103"]
[EventDate "2012.07.23"]
[EventType "swiss"]
[EventRounds "9"]
[EventCountry "ESP"]
[Source "lmi"]
[SourceDate "2012.07.23"]

1. d4 Nf6 2. g3 c5 3. d5 e6 4. c4 exd5 5. cxd5 d6 6. Bg2 g6 7. Nc3 Bg7 8. Nf3
O-O 9. O-O Nbd7 10. Nd2 Nb6 11. a4 a5 12. e4 Re8 13. Re1 Ng4 14. h3 Ne5 15. Nf1
c4 16. Be3 Nd3 17. Re2 Bd7 18. Qb1 Ra6 19. Nd2 Qc8 20. Kh2 Bxc3 21. bxc3 Nxa4
22. Bd4 b5 23. Qc2 Qc7 24. Bf6 Rc8 25. Nxc4 Qxc4 26. Qd2 Kf8 27. Qh6+ Ke8 28.
Qxh7 Be6 29. dxe6 Qxe6 30. h4 Qxf6 31. Qg8+ Ke7 32. Qxc8 Ra7 33. Qb8 Rd7 34.
Bh3 Rd8 35. Qxb5 Nxc3 36. Qb7+ Kf8 37. Rd2 Nc5 38. Qb2 N5xe4 39. Rc2 a4 40. Bg2
d5 41. Bxe4 Nxe4 42. Qxf6 Nxf6 43. Rxa4 d4 44. f3 Ne8 45. Rd2 Nc7 46. Raxd4
Rxd4 47. Rxd4 Ne6 48. Rc4 Ke7 49. g4 Kf6 50. Kg3 Ng7 51. f4 Ne6 52. Kf3 1-0

[Event "España ch sub-18 2012"]
[Site "Salobreña ESP"]
[Date "2012.07.28"]
[Round "8.23"]
[White "Navarro Lopez-Menchero, Daniel"]
[Black "Nieto Asencio, Maria Del Carmen"]
[Result "1/2-1/2"]
[WhiteElo "2230"]
[BlackElo "2017"]
[PlyCount "93"]
[EventDate "2012.07.23"]
[EventType "swiss"]
[EventRounds "9"]
[EventCountry "ESP"]
[Source "lmi"]
[SourceDate "2012.07.23"]

1. e4 c5 2. Nf3 g6 3. Nc3 Bg7 4. Bc4 Nc6 5. O-O d6 6. d3 Nf6 7. h3 O-O 8. a3 a6
9. Ba2 b5 10. Ne2 Bb7 11. c3 Rc8 12. Ng3 Na5 13. Re1 c4 14. d4 Nd7 15. h4 Qc7
16. h5 e5 17. hxg6 hxg6 18. Bd2 Rfe8 19. Qe2 Nf6 20. d5 Rb8 21. Be3 Bc8 22. Nh2
Qd7 23. Qd2 Ng4 24. Nxg4 Qxg4 25. Bh6 f6 26. Bxg7 Kxg7 27. Re3 Rh8 28. Rd1 Qh4
29. Qe1 Rh7 30. Bb1 Nb7 31. f3 Nc5 32. Qf2 Bd7 33. Kf1 Rbh8 34. Ke2 Qf4 35. Bc2
a5 36. Kd2 a4 37. Ne2 Qh4 38. Qxh4 Rxh4 39. Ng3 Rh2 40. Re2 Na6 41. Rf1 R8h4
42. Ref2 Nc7 43. Ne2 g5 44. g3 Rxf2 45. Rxf2 Rh6 46. f4 Bg4 47. fxg5 1/2-1/2

[Event "España ch sub-18 2012"]
[Site "Salobreña ESP"]
[Date "2012.07.28"]
[Round "8.24"]
[White "Amores Gago, Javier"]
[Black "Garcia Del Campo, Efren"]
[Result "0-1"]
[WhiteElo "2135"]
[BlackElo "1936"]
[PlyCount "143"]
[EventDate "2012.07.23"]
[EventType "swiss"]
[EventRounds "9"]
[EventCountry "ESP"]
[Source "lmi"]
[SourceDate "2012.07.23"]

1. e4 e5 2. Nc3 Nf6 3. g3 d5 4. exd5 Nxd5 5. Bg2 Nxc3 6. bxc3 Bd6 7. d3 O-O 8.
Nf3 Nc6 9. O-O Bg4 10. Re1 f5 11. h3 Bh5 12. Rb1 Rb8 13. Bd2 Qf6 14. Qc1 Bxf3
15. Bxf3 f4 16. g4 Qh4 17. Kg2 Bc5 18. Rf1 Rf6 19. Qe1 Rh6 20. Rh1 Bb6 21. Qe2
Rf8 22. a4 Kh8 23. Be1 Qg5 24. Rb5 Qf6 25. Kf1 a6 26. Rd5 Rd8 27. Rxd8+ Nxd8
28. d4 Qe7 29. Bd2 Re6 30. Bd5 Rd6 31. Bb3 f3 32. Qe4 Nc6 33. d5 Nb8 34. c4 a5
35. g5 Rd8 36. h4 Nd7 37. Rh2 Rf8 38. Bc3 Rf4 39. Qe1 Bd4 40. Bxa5 b6 41. Bd2
Rg4 42. c3 Bc5 43. Bd1 Qf7 44. Bc2 Qh5 45. Be4 Rxh4 46. Rxh4 Qxh4 47. Bxf3
Qxc4+ 48. Qe2 Qxa4 49. Bg4 Bd6 50. Qf3 Nc5 51. Bf5 Qe8 52. Qg4 g6 53. Bc2 Qd7
54. Qf3 Kg8 55. c4 Qf7 56. Qh3 b5 57. Qg4 bxc4 58. Qxc4 c6 59. Bb4 Qxd5 60. Qg4
Kf7 61. Qh3 Qc4+ 62. Kg1 Qxc2 63. Qxh7+ Ke6 64. Qg8+ Kf5 65. Qc8+ Ne6 66. Bxd6
Qd1+ 67. Kg2 Qxd6 68. Qh8 Nxg5 69. Qc8+ Kf4 70. Qb7 Qd5+ 71. Kf1 Qb5+ 72. Ke1
0-1

[Event "España ch sub-18 2012"]
[Site "Salobreña ESP"]
[Date "2012.07.29"]
[Round "9.1"]
[White "Anton Guijarro, David"]
[Black "Forcen Esteban, Daniel"]
[Result "0-1"]
[WhiteElo "2490"]
[BlackElo "2457"]
[PlyCount "86"]
[EventDate "2012.07.23"]
[EventType "swiss"]
[EventRounds "9"]
[EventCountry "ESP"]
[Source "lmi"]
[SourceDate "2012.07.23"]

1. e4 c5 2. Nc3 Nc6 3. Nf3 d6 4. d4 cxd4 5. Nxd4 e5 6. Nf5 Bxf5 7. exf5 Nf6 8.
Bg5 Be7 9. Bxf6 Bxf6 10. Bc4 O-O 11. O-O Nd4 12. Bd5 Nxf5 13. Bxb7 Rb8 14. Be4
Nd4 15. Rb1 g6 16. Nd5 Bg7 17. c3 Ne6 18. Qe2 Kh8 19. Rfd1 f5 20. Bc2 e4 21. f3
exf3 22. Qxf3 Be5 23. Rd2 Qh4 24. g3 Qh6 25. Re2 f4 26. Qg4 fxg3 27. hxg3 Ng7
28. Rg2 Nh5 29. Bd3 Nf6 30. Nxf6 Qe3+ 31. Kh2 Rxf6 32. Qe4 Qg5 33. Rf1 Rbf8 34.
Rxf6 Rxf6 35. Qe2 Kg7 36. Qe4 h5 37. Kh3 Qc1 38. Qb7+ Rf7 39. Qe4 Rf6 40. Qb7+
Kh6 41. Qe4 Rf5 42. Kh2 h4 43. Kh3 Rg5 0-1

[Event "España ch sub-18 2012"]
[Site "Salobreña ESP"]
[Date "2012.07.29"]
[Round "9.2"]
[White "Pardo Simon, David"]
[Black "Ladron De Guevara Pinto, Paolo"]
[Result "0-1"]
[WhiteElo "2421"]
[BlackElo "2353"]
[PlyCount "102"]
[EventDate "2012.07.23"]
[EventType "swiss"]
[EventRounds "9"]
[EventCountry "ESP"]
[Source "lmi"]
[SourceDate "2012.07.23"]

1. Nf3 c5 2. e4 d6 3. d4 cxd4 4. Qxd4 Nc6 5. Bb5 Bd7 6. Bxc6 Bxc6 7. Nc3 h6 8.
Be3 e5 9. Qd3 Nf6 10. O-O-O Qa5 11. Nd2 Rd8 12. f4 Be7 13. Nb3 Qc7 14. Qc4 Rc8
15. Nd5 Bxd5 16. Qxc7 Rxc7 17. exd5 Ng4 18. Bxa7 exf4 19. h3 Ne5 20. Nd4 Kd7
21. Nb5 Rc4 22. b3 Rcc8 23. Bd4 f5 24. Bxe5 dxe5 25. c4 Bc5 26. Kc2 g5 27. Kc3
b6 28. b4 Be3 29. Kb3 h5 30. a4 g4 31. hxg4 fxg4 32. a5 bxa5 33. c5 Bxc5 34.
bxc5 Rxc5 35. Na3 h4 36. Nb1 h3 37. gxh3 g3 38. Nd2 Rxd5 39. Nf3 Kd6 40. Rhe1
e4 41. Ng5 Rxd1 42. Rxd1+ Ke5 43. Re1 e3 44. Kc4 Kf5 45. Nf3 Rxh3 46. Kd3 Rh5
47. Rg1 Kg4 48. Ke4 a4 49. Rg2 Rb5 50. Ra2 Rb4+ 51. Nd4 f3 0-1

[Event "España ch sub-18 2012"]
[Site "Salobreña ESP"]
[Date "2012.07.29"]
[Round "9.4"]
[White "Nicolas Zapata, Irene"]
[Black "Shen, Yue"]
[Result "1/2-1/2"]
[WhiteElo "2235"]
[BlackElo "2148"]
[PlyCount "144"]
[EventDate "2012.07.23"]
[EventType "swiss"]
[EventRounds "9"]
[EventCountry "ESP"]
[Source "lmi"]
[SourceDate "2012.07.23"]

1. Nf3 Nf6 2. c4 e6 3. g3 d5 4. Bg2 Be7 5. O-O O-O 6. d4 b6 7. cxd5 Nxd5 8. e4
Nf6 9. Qc2 Bb7 10. Nc3 Nbd7 11. Rd1 h6 12. Bf4 Re8 13. Rac1 c6 14. h3 Bf8 15.
g4 Qe7 16. g5 Nh5 17. Be3 e5 18. gxh6 g6 19. dxe5 Nxe5 20. Nxe5 Qxe5 21. Rd7
Re7 22. Rcd1 Rae8 23. Ne2 c5 24. Qc3 Qxc3 25. Nxc3 Kh7 26. Rxe7 Rxe7 27. Nd5
Rd7 28. Bf3 Bxd5 29. exd5 Bxh6 30. Bxh6 Kxh6 31. d6 Nf4 32. Bc6 Rd8 33. Kf1 Ne6
34. Rd5 Kg7 35. Ke1 Kf6 36. Kd1 Nd4 37. Bb7 Ke6 38. d7 Rxd7 39. Rxd7 Kxd7 40.
Bd5 f6 41. Kd2 Kd6 42. Bg2 Ke5 43. Kd3 g5 44. Kc4 Kd6 45. a4 f5 46. b4 Ne6 47.
a5 Nf4 48. axb6 axb6 49. bxc5+ bxc5 50. Bf1 Kc6 51. Kc3 Kd5 52. f3 Ke5 53. Kc4
Ne6 54. Bd3 Kf4 55. Kd5 Nd4 56. Kxc5 Nxf3 57. Kd5 Ne1 58. Bb1 Nf3 59. Bd3 Ng1
60. Ke6 g4 61. hxg4 fxg4 62. Bf1 Nf3 63. Kf6 Nh4 64. Kg7 Nf5+ 65. Kg6 Ne3 66.
Ba6 Nd5 67. Bf1 Kf3 68. Kh5 Nf4+ 69. Kg5 Kg3 70. Ba6 Kf3 71. Bf1 g3 72. Kh4 Kf2
1/2-1/2

[Event "España ch sub-18 2012"]
[Site "Salobreña ESP"]
[Date "2012.07.29"]
[Round "9.5"]
[White "Meneses Gonzalez, Kevin Moises"]
[Black "Molina Rodriguez, Borja"]
[Result "1-0"]
[WhiteElo "2264"]
[BlackElo "2124"]
[PlyCount "55"]
[EventDate "2012.07.23"]
[EventType "swiss"]
[EventRounds "9"]
[EventCountry "ESP"]
[Source "lmi"]
[SourceDate "2012.07.23"]

1. e4 c5 2. Nf3 Nc6 3. d4 cxd4 4. Nxd4 Nf6 5. Nc3 e5 6. Ndb5 d6 7. Bg5 a6 8.
Na3 b5 9. Nd5 Be7 10. Bxf6 Bxf6 11. c4 Nd4 12. cxb5 Bg5 13. Bc4 Qa5+ 14. Kf1
axb5 15. Nxb5 Nxb5 16. b4 Qa6 17. Qe2 O-O 18. Bxb5 Qa3 19. h4 Bc1 20. Rb1 Kh8
21. Qd3 f5 22. Qxa3 Bxa3 23. Bc6 Ra7 24. Rh3 fxe4 25. Rc3 Ba6+ 26. Kg1 Bd3 27.
Rbb3 Bxb4 28. Nxb4 1-0

[Event "España ch sub-18 2012"]
[Site "Salobreña ESP"]
[Date "2012.07.29"]
[Round "9.6"]
[White "Donado-Mazarron Gomez, Miguel"]
[Black "Tejedor Fuentes, Enrique"]
[Result "0-1"]
[WhiteElo "2055"]
[BlackElo "2254"]
[PlyCount "64"]
[EventDate "2012.07.23"]
[EventType "swiss"]
[EventRounds "9"]
[EventCountry "ESP"]
[Source "lmi"]
[SourceDate "2012.07.23"]

1. e4 c5 2. Nf3 Nc6 3. d4 cxd4 4. Nxd4 d6 5. Nc3 Nf6 6. f4 g6 7. Be2 Bg7 8. Be3
Bd7 9. Nb3 Rc8 10. O-O O-O 11. Bf3 Na5 12. e5 Ne8 13. Nxa5 Qxa5 14. Nd5 Qd8 15.
Bxa7 Bf5 16. Ne3 Qa5 17. Bd4 dxe5 18. Nxf5 gxf5 19. Bxe5 Bxe5 20. fxe5 Qxe5 21.
Bxb7 Rb8 22. Qf3 Nd6 23. Bd5 Qxb2 24. Bb3 Kh8 25. Rae1 e6 26. Rd1 Ne4 27. Rd7
Rbd8 28. Rfd1 Rxd7 29. Rxd7 Qe5 30. g3 Ng5 31. Qd3 f4 32. h4 Qe1+ 0-1

[Event "España ch sub-18 2012"]
[Site "Salobreña ESP"]
[Date "2012.07.29"]
[Round "9.7"]
[White "Quintin Navarro, Alberto"]
[Black "Medarde Santiago, Luis Marcos"]
[Result "0-1"]
[WhiteElo "2210"]
[BlackElo "2024"]
[PlyCount "132"]
[EventDate "2012.07.23"]
[EventType "swiss"]
[EventRounds "9"]
[EventCountry "ESP"]
[Source "lmi"]
[SourceDate "2012.07.23"]

1. d4 Nf6 2. Nf3 c5 3. e3 d5 4. b3 Bg4 5. Bb2 Nc6 6. Nbd2 e6 7. Be2 Rc8 8. a3
cxd4 9. exd4 Ne4 10. h3 Bxf3 11. Bxf3 Nxd2 12. Qxd2 Bd6 13. O-O O-O 14. g3 Be7
15. Qd3 Bf6 16. Rfd1 Qb6 17. h4 Ne7 18. a4 Rc6 19. Rd2 Rfc8 20. a5 Qa6 21. Qxa6
Rxa6 22. c4 b6 23. b4 Rxc4 24. Be2 b5 25. Bxc4 dxc4 26. Rdd1 Nd5 27. Bc1 Rc6
28. a6 c3 29. Ra5 Rb6 30. Bg5 Nxb4 31. Rc1 Bxd4 32. Bd8 Rb8 33. Bc7 Rc8 34.
Rxb5 Nxa6 35. Be5 Bxe5 36. Rxe5 g6 37. Rb5 Rc4 38. Ra5 Nb4 39. Ra4 c2 40. Kf1
a5 41. Ke2 Rc5 42. Raa1 Kg7 43. Ke3 Rd5 44. Ra3 Kf6 45. Raa1 Ke5 46. h5 Kd6 47.
h6 Kc6 48. Ra3 Kb5 49. Rc3 Rd1 50. R1xc2 Nxc2+ 51. Rxc2 Rd7 52. Rc8 Ra7 53. Kd2
Re7 54. Rh8 f5 55. Rg8 Kc5 56. Rg7 Kd6 57. Kd3 e5 58. Kc4 Ke6 59. Rg8 Kf6 60.
Kb3 e4 61. Ka4 e3 62. fxe3 Kg5 63. Rc8 Rxe3 64. Kxa5 Rxg3 65. Kb4 Rd3 66. Kc4
Rd1 0-1

[Event "España ch sub-18 2012"]
[Site "Salobreña ESP"]
[Date "2012.07.29"]
[Round "9.8"]
[White "Fernandez Lledo, Javier"]
[Black "Santos Ruiz, Miguel"]
[Result "1-0"]
[WhiteElo "2207"]
[BlackElo "2106"]
[PlyCount "93"]
[EventDate "2012.07.23"]
[EventType "swiss"]
[EventRounds "9"]
[EventCountry "ESP"]
[Source "lmi"]
[SourceDate "2012.07.23"]

1. Nf3 Nf6 2. b4 g6 3. Bb2 Bg7 4. e3 O-O 5. Be2 d6 6. c4 c6 7. O-O e5 8. d3 Ne8
9. Qc2 Qe7 10. Nc3 Na6 11. b5 Nac7 12. a4 d5 13. Ba3 Nd6 14. bxc6 bxc6 15. cxd5
cxd5 16. Nxd5 Nxd5 17. Qc6 Bb7 18. Qxd6 Qxd6 19. Bxd6 Nc3 20. Bd1 Rfe8 21. Ra3
e4 22. Ng5 h6 23. Nxe4 Bxe4 24. dxe4 Rad8 25. e5 Nxd1 26. Rxd1 Rxe5 27. Kf1 Re4
28. Ke2 Rc4 29. Ra2 Re8 30. Bg3 f5 31. Kf3 g5 32. Rd7 f4 33. exf4 h5 34. fxg5
Rc3+ 35. Kf4 Kh7 36. Rad2 Rc4+ 37. Kf5 Rf8+ 38. Ke6 Rxa4 39. Bd6 Re8+ 40. Re7
Re4+ 41. Kd7 R8xe7+ 42. Bxe7 a5 43. g3 a4 44. f4 Bc3 45. Rd6 Rxe7+ 46. Kxe7 Bb4
47. Kf7 1-0

[Event "España ch sub-18 2012"]
[Site "Salobreña ESP"]
[Date "2012.07.29"]
[Round "9.9"]
[White "Angeleri Gastanaga, Rodrigo N"]
[Black "Rodriguez Ferraz, Borja"]
[Result "1/2-1/2"]
[WhiteElo "2096"]
[BlackElo "2172"]
[PlyCount "158"]
[EventDate "2012.07.23"]
[EventType "swiss"]
[EventRounds "9"]
[EventCountry "ESP"]
[Source "lmi"]
[SourceDate "2012.07.23"]

1. e4 e5 2. Nf3 Nc6 3. Bc4 Bc5 4. d3 Nf6 5. c3 d6 6. Nbd2 O-O 7. h3 a6 8. Bb3
Ba7 9. Nf1 Ne7 10. Ng3 Ng6 11. O-O h6 12. d4 Qe8 13. Re1 Kh8 14. Nh2 Bd7 15.
Ng4 Nxg4 16. hxg4 Be6 17. g5 Bxb3 18. axb3 hxg5 19. Bxg5 Kg8 20. Nf5 f6 21. Bd2
Ne7 22. Qg4 Nxf5 23. exf5 Rf7 24. Re3 Qd7 25. Rh3 Re8 26. Qh5 Kf8 27. Qf3 c6
28. Rd1 Qc8 29. dxe5 dxe5 30. Qe4 Rd7 31. Qb4+ Kf7 32. Qc4+ Rd5 33. Qg4 Rg8 34.
c4 Rd4 35. Qg6+ Kf8 36. Bb4+ c5 37. Rxd4 exd4 38. Bd2 Qe8 39. Qg4 Bb8 40. Qf3
Qc6 41. Qd3 Kf7 42. b4 Qa4 43. g3 Qd1+ 44. Kg2 Re8 45. Rh1 Qe2 46. Qf3 Qxf3+
47. Kxf3 cxb4 48. Bxb4 Re5 49. g4 a5 50. Ba3 Ba7 51. Bd6 Re8 52. c5 d3 53. Rd1
Rc8 54. Rxd3 Bxc5 55. Bxc5 Rxc5 56. Rd7+ Kf8 57. Rxb7 a4 58. Kg3 a3 59. bxa3
Rc3+ 60. Kh4 Rxa3 61. Rb8+ Kf7 62. Rb7+ Kf8 63. g5 fxg5+ 64. Kxg5 Ra6 65. Rb2
Kf7 66. Rb8 Rc6 67. Ra8 Rb6 68. Rc8 Ra6 69. Rb8 Rc6 70. Rb5 Ra6 71. f4 Rc6 72.
Ra5 Rb6 73. Rd5 Ra6 74. Rc5 Rb6 75. Re5 Ra6 76. Re6 Rxe6 77. fxe6+ Kxe6 78. Kg6
Kd5 79. Kf5 Kd4 1/2-1/2

[Event "España ch sub-18 2012"]
[Site "Salobreña ESP"]
[Date "2012.07.29"]
[Round "9.10"]
[White "Alcaraz Ortega, Javier"]
[Black "Urriza Iricibar, Pablo"]
[Result "0-1"]
[WhiteElo "2297"]
[BlackElo "1978"]
[PlyCount "86"]
[EventDate "2012.07.23"]
[EventType "swiss"]
[EventRounds "9"]
[EventCountry "ESP"]
[Source "lmi"]
[SourceDate "2012.07.23"]

1. d4 Nf6 2. Nf3 c5 3. d5 e6 4. c4 exd5 5. cxd5 d6 6. Nc3 g6 7. e4 Bg7 8. Be2
O-O 9. O-O Na6 10. Nd2 Nc7 11. a4 a6 12. a5 Re8 13. f3 Bd7 14. Nc4 Bb5 15. Nb6
Rb8 16. Bg5 h6 17. Be3 Nd7 18. Qd2 Kh7 19. Nc4 Bxc4 20. Bxc4 b5 21. axb6 Rxb6
22. Ra2 Qb8 23. Qc2 Rb4 24. Na4 Nb6 25. b3 Ncxd5 26. Bxd5 Nxd5 27. Bd2 Bd4+ 28.
Kh1 Ne3 29. Bxe3 Bxe3 30. Nb2 d5 31. Nd1 Bd4 32. Nc3 Bxc3 33. Qxc3 Qb5 34. Rc1
Rxb3 35. Qf6 Qb7 36. exd5 Rb1 37. Ra1 Rxc1+ 38. Rxc1 Qxd5 39. Qxa6 Qd2 40. Qf1
c4 41. Rd1 c3 42. Kg1 Qe3+ 43. Qf2 c2 0-1